Nommez les TGV - Statistiques

Statistiques générales
  • Ce quiz a été pris 25 fois
  • Le résultat moyen est 6 sur 10
Statistiques - réponses
Par images Réponse % Correct
TGV M
100%
TGV Atlantique
90%
TGV Réseau
90%
TGV Duplex
81%
TGV POS
71%
TGV Réseau Duplex
52%
TGV Sud-Est
52%
TGV PBKA
38%
TGV TMST
33%
AGV
24%
Aucun quiz correspondant
Distribution des résultats
% des personnes avec chaque résultat
Percentile par nombre de réponses
Votre historique - résultats
Vous n’avez pas pris ce quiz